00239nam a22001097a 4500003000400000020001800004082001700022100002000039245003300059260002900092300000800121SGT a9789388756075 a615.19bP19R aRASTOGI, SAMEER aPHARMACEUTICAL CHEMISTRY- II bR NARAIN PUBLISHERc2019 a168